000 01497cam a2200313 a 4500
001 15522549
005 20150315114245.0
008 081114s2010 njuab b 001 0 eng
020 _a9780136077183
020 _a0136077188 (casebound)
040 _aDLC
_cDLC
_dBTCTA
_dYDXCP
_dC#P
_dBWX
_dDLC
043 _an-us---
082 0 0 _a331.80973
_222
_bSLO
100 1 _aSloane, Arthur A.
245 1 0 _aLabor relations /
_cArthur A. Sloane, Fred Witney.
250 _a13th ed.
260 _aUpper Saddle River :
_bPrentice Hall,
_cc.2010.
300 _axvi, 454 p. :
_bill., map ;
_c26 cm.
504 _aIncludes bibliographical references and index.
505 0 _aOrganized labor and the management community -- The historical framework -- The legal framework -- Union behavior : structure, government, and operation -- At the bargaining table -- Grievances and arbitration -- Wage issues under collective bargaining -- Economic supplements under collective bargaining -- Institutional issues under collective bargaining -- Administrative issues under collective bargaining.
650 0 _aIndustrial relations
_zUnited States.
650 0 _aCollective bargaining
_zUnited States.
653 _bBUSADM
_cMarch2015
655 _vreading book
_934232
700 1 _aWitney, Fred,
_d1917-1999.
906 _a7
_bcbc
_corignew
_d1
_eecip
_f20
_gy-gencatlg
942 _2ddc
_k331.80973 SLO
999 _c19038
_d19010